Using broken mung bean leaves (type3) instead of fish meal on qauil growth in animal experimental station at royal university of agriculture, ការប្រើប្រាស់ចុងសណ្ដែកបាយ (ប្រភេទលេខ៣) ជំនួសម្សៅត្រីលើការលូតលាស់របស់ក្រូចនៅស្ថានីយពិសោធន៏សត្វនៃសាកលវិទ្យាល័យភូមិន្ទកសិកម្ម (Record no. 8116)

000 -LEADER
fixed length control field 00805nam a22001337a 4500
040 ## - CATALOGING SOURCE
Transcribing agency RUA
082 ## - DEWEY DECIMAL CLASSIFICATION NUMBER
Classification number ANS SOR 2015 B479 Or.1
100 ## - MAIN ENTRY--AUTHOR NAME
Personal name SORM BORA; សោម បូរ៉ា
245 ## - TITLE STATEMENT
Title Using broken mung bean leaves (type3) instead of fish meal on qauil growth in animal experimental station at royal university of agriculture, ការប្រើប្រាស់ចុងសណ្ដែកបាយ (ប្រភេទលេខ៣) ជំនួសម្សៅត្រីលើការលូតលាស់របស់ក្រូចនៅស្ថានីយពិសោធន៏សត្វនៃសាកលវិទ្យាល័យភូមិន្ទកសិកម្ម
260 ## - PUBLICATION, DISTRIBUTION, ETC. (IMPRINT)
Place of publication Phnom Penh
Name of publisher RUA
Year of publication 2015
300 ## - PHYSICAL DESCRIPTION
Number of Pages xi;50p.
Other physical details ill.
Dimensions 29cm.
856 ## - ELECTRONIC LOCATION AND ACCESS
Uniform Resource Identifier SORM BORA
942 ## - ADDED ENTRY ELEMENTS (KOHA)
Koha item type ANS
952 ## - LOCATION AND ITEM INFORMATION (KOHA)
Withdrawn status [LOCAL, KOHA] 0
952 ## - LOCATION AND ITEM INFORMATION (KOHA)
Withdrawn status [LOCAL, KOHA] 0
952 ## - LOCATION AND ITEM INFORMATION (KOHA)
Withdrawn status [LOCAL, KOHA] 0
952 ## - LOCATION AND ITEM INFORMATION (KOHA)
Withdrawn status [LOCAL, KOHA] 0
952 ## - LOCATION AND ITEM INFORMATION (KOHA)
Withdrawn status [LOCAL, KOHA] 0
952 ## - LOCATION AND ITEM INFORMATION (KOHA)
Withdrawn status [LOCAL, KOHA] 0
952 ## - LOCATION AND ITEM INFORMATION (KOHA)
Withdrawn status [LOCAL, KOHA] 0
952 ## - LOCATION AND ITEM INFORMATION (KOHA)
Withdrawn status [LOCAL, KOHA] 0
Holdings
Permanent Location Date acquired Koha item type Lost status Shelving location Barcode Current Location Full call number
Library Block B2016-06-21ANS B479RUA058532Library Block BANS SOR 2015 B479 Or.1
Library Block B2016-06-21ANS B479RUA058528Library Block BANS SOR 2015 B479 Or.2
Library Block B2016-06-21ANS B479RUA058520Library Block BANS SOR 2015 B479 Or.3
Library Block B2016-06-21ANS B479RUA058512Library Block BANS SOR 2015 B479 Or.4
Library Block B2016-06-21ANS B479RUA058508Library Block BANS SOR 2015 B479 Or.5
Library Block B2016-06-21ANS B479RUA058551Library Block BANS SOR 2015 B479 Or.6
Library Block B2016-06-21ANS B479RUA058524Library Block BANS SOR 2015 B479 Or.7
Library Block B2016-06-21ANS B479RUA058516Library Block BANS SOR 2015 B479 Or.8
មជ្ឈមណ្ឌលឯការនៃសាកលវិទ្យាល័យភូមិន្ទកសិកម្មចំការដូង

Powered by Koha